Islande - Pouvez vous Trouver les Régions d'Islande - Statistiques

Statistiques générales
  • Ce quiz a été pris 139 fois
  • Le résultat moyen est 2 sur 9
Réponses sur la Carte
Les réponses sont colorées sur une échelle allant du rouge au vert en fonction du pourcentage des utilisateurs qui les ont devinées à leur premier essai. Vous pouvez retrouver ces pourcentages ci-dessous.
 
Statistiques - réponses
Régions % Correct
Reykjavik
95%
Suðurland
18%
Austurland
10%
Norðurland eystra
10%
Vesturland
10%
Norðurland vestra
8%
Suðurnes
8%
Vestfirðir
8%
Höfuðborgarsvæðið
5%
Aucun quiz correspondant
Distribution des résultats
% des personnes avec chaque résultat
Percentile par nombre de réponses
Votre historique - résultats
Vous n’avez pas pris ce quiz